ბათუმის შოთა რუსთაველის სახელმწიფო უნივერსიტეტის ბიბლიოთეკა

DNA and RNA profiling in human blood : (ბიბ.ჩანაწერი № 58809)

000 -LEADER
fixed length control field 01048cam a22002054a 4500
001 - CONTROL NUMBER
control field 15472290
005 - DATE AND TIME OF LATEST TRANSACTION
control field 20221107162042.0
008 - FIXED-LENGTH DATA ELEMENTS--GENERAL INFORMATION
fixed length control field 080916s2009 nyua b 001 0 eng
020 ## - INTERNATIONAL STANDARD BOOK NUMBER
International Standard Book Number 9781934115930 X
041 ## - LANGUAGE CODE
Language code of text/sound track or separate title eng
080 ## - UNIVERSAL DECIMAL CLASSIFICATION NUMBER
Universal Decimal Classification number 572.811 D-67
245 00 - TITLE STATEMENT
Title DNA and RNA profiling in human blood :
Remainder of title methods and protocols /
Statement of responsibility, etc. edited by Peter Bugert.
264 ## - PRODUCTION, PUBLICATION, DISTRIBUTION, MANUFACTURE, AND COPYRIGHT NOTICE
Place of production, publication, distribution, manufacture Mannheim :
Name of producer, publisher, distributor, manufacturer Humana Press,
Date of production, publication, distribution, manufacture, or copyright notice 2009.
300 ## - PHYSICAL DESCRIPTION
Extent 341 p. :
Other physical details ill. ;
Dimensions 27 cm.
653 ## - INDEX TERM--UNCONTROLLED
keyword დნმ-ისა და რნმ-ის პროფილირება ადამიანის სისხლში: მეთოდები და პროტოკოლები (მეთოდები მოლეკულურ ბიოლოგიაში
653 ## - INDEX TERM--UNCONTROLLED
keyword Профилирование ДНК и РНК в крови человека: методы и протоколы (методы молекулярной биологии
653 ## - INDEX TERM--UNCONTROLLED
keyword მედიცინა
700 1# - ADDED ENTRY--PERSONAL NAME
Personal name Bugert, Peter.
Relator term რედაქტორი
9 (RLIN) 14608
942 ## - ADDED ENTRY ELEMENTS (KOHA)
Source of classification or shelving scheme
Koha item type წიგნი
ეგზემპლარები
Withdrawn status Lost status Source of classification or shelving scheme Damaged status Not for loan Permanent Location Current Location Shelving location Date acquired Cost, normal purchase price Full call number Barcode Date last seen Copy number Price effective from Koha item type Public note
          ბათუმის შოთა რუსთაველის სახელმწიფო უნივერსიტეტის მთავარი ბიბლიოთეკა ბათუმის შოთა რუსთაველის სახელმწიფო უნივერსიტეტის მთავარი ბიბლიოთეკა წიგნსაცავი 2022-09-15 258.00 572.811 D-67 63047 2022-09-15 63047 2022-09-15 წიგნი 258 ლ.